MARC

LEADER 00000nab a2200000 ar4500
001 vtls010262305
003 SK-MaSNL
005 20260303210631.0
008 110309c2011 xo mr|p|||||||000 b|slo
038 |a PPPK 
040 |a PPPKCL  |b slo  |c PPPKCL  |e AACR2 
041 0 |a slo 
044 |a xo  |c SK 
080 |a 793.33(8).093  |2 2001 
100 1 |a Scholtzová, Gertrúda  |4 aut  |9 994128 
245 1 0 |a Poprad hostil tanečníkov  |c Gertrúda Scholtzová 
300 |b Fotogr. 
610 2 7 |a Aréna Poprad (Poprad, Slovensko)  |2 pppkcl  |9 1033822 
610 2 7 |a TŠC Tempo (Kežmarok, Slovensko)  |2 pppkcl  |9 1049793 
611 2 7 |a Majstrovstvá Slovenska v latinsko-amerických tancoch  |d (2011 :  |c Poprad, Slovensko)  |2 pppkcl  |9 1242618 
648 7 |a 19.2.2011  |2 pppkcl  |9 1086025 
650 0 7 |a spoločenské tance  |2 pppkcl  |9 29452 
650 0 7 |a latinskoamerické tance  |2 pppkcl  |9 75641 
650 0 7 |a tanečné súťaže  |2 pppkcl  |9 74115 
651 7 |a Poprad (Slovensko)  |2 pppkcl  |9 20155 
651 7 |a Kežmarok (Slovensko)  |2 pppkcl  |9 26808 
773 0 |t Kežmarok  |g Roč. XIX, č. 4 (2011), s. 19 
852 |a PPPK  |b KIS3GCP 
999 |c 2201005  |d 2202935